000 00450nam a2200181Ia 4500
001 12962
005 20260306163019.0
008 260306t2006||||xx |||||||||||||| ||spa||
041 _aESP
082 _aRD 473
_bS36
100 _aSegura Munguía, Santiago
_eAUT
245 0 _aNuevo diccionario etimológico - Latín-Español
260 _c2006
300 _a1251 páginas :
_ccm.
650 _aGEN
654 _aCHU
942 _cDIC
_dJUS
_fJUS
_2ddc
_n
999 _c12962
_d12962